000 00578nam a22001577a 4500
003 ASAB
005 20180827062832.0
008 180509t xxu||||| |||| 00| 0 eng d
040 _cASAB
100 _aTabinda Hussain-sup-Dr. Sobia Manzoor
_93829
245 _aTH-MS-Phylogenetic Analysis of full length TTV genome from local isolate and incidence of co-infection among HBV/HCV infected Patients
_cTabinda Hussain-sup-Dr. Sobia Manzoor
260 _aIslamabad
_bASAB (NCVI)
_c2011
300 _axix, 120 P
_b30 cm
630 _aVirology and Immunology
_93830
942 _2ddc
_cTH
999 _c480815
_d480815